000 00354nam a2200145Ia 4500
008 230917s9999||||xx |||||||||||||| ||und||
040 _e114574
_aMAIN
041 _aEnglish
082 _a297.72 D497L
100 _aDevji, Faisal
245 0 _aLandscapes of the Jihad
260 _aNew Delhi
_bFoundation Book
_c2005
300 _a184p p.
942 _cBK
999 _c138651
_d138651